Biggest North American Cities on Rivers Quiz Stats

Quiz Updated Aug 22, 2012

Challenge
Share
Tweet
Embed
Score 0/40 Timer 08:00
3 Plays Today
River City % Correct
MississippiSt. Louis, MO
91.3%
MississippiNew Orleans, LA
84.5%
MississippiMemphis, TN
76.5%
ArkansasLittle Rock, AR
73.7%
MissouriKansas City, MO
73%
MissouriKansas City, KS
73%
OhioCincinnati, OH
69.9%
MississippiMinneapolis, MN
65.5%
Rio GrandeEl Paso, TX
63.3%
St. LawrenceMontreal, QC
54.9%
OhioPittsburgh, PA
54.6%
OhioLouisville, KY
53.3%
MississippiSt. Paul, MN
52%
MissouriOmaha, NE
44%
TennesseeKnoxville, TN
43.3%
St. LawrenceQuebec City, QC
39.6%
ArkansasTulsa, OK
29.1%
Rio GrandeAlbuquerque, NM
28.9%
TennesseeChattanooga, TN
25.4%
Rio GrandeCiudad Juarez, MEX
24.5%
River City % Correct
ArkansasWichita, KS
21.8%
Rio GrandeLaredo, TX
20.3%
MissouriSioux City, IA
16.5%
OhioEvansville, IN
16.5%
TennesseeHuntsville, AL
11.6%
RockRockford, IL
9.2%
Rio GrandeNuevo Laredo, MEX
7.8%
MissouriIndependence, MO
6.9%
St. LawrenceLaval, QC
6.8%
RockMoline, IL
6.2%
ArkansasPueblo, CO
5.6%
RockRock Island, IL
5.4%
OhioOwensboro, KY
5%
TennesseeDecatur, AL
4.2%
RockBeloit, WI
3.8%
RockJanesville, WI
3.7%
TennesseeFlorence, AL
3.3%
ArkansasBroken Arrow, OK
2.6%
St. LawrenceLevis, QC
1.7%
St. LawrenceLongueuil, QC
1.4%

You're not logged in!

Compare scores with friends on all Sporcle quizzes.
Sign Up with Email
OR
Log In

You Might Also Like...

Show Comments

Extras

Top Quizzes Today


Score Distribution

Your Account Isn't Verified!

In order to create a playlist on Sporcle, you need to verify the email address you used during registration. Go to your Sporcle Settings to finish the process.